01012nam a2200241 i 4500003000900000005001700009007000300026008004100029020001800070040003000088041000800118082001900126100004300145245005300188250002200241264005700263300003900320336002700359337003300386338002800419500011100447520021200558DO-SdBNP20250819113559.0ta250819t2025 dr a b 000 0 spa d z9789945292176 aDO-SdBNPbspacBNPHUerda aspa axxxxbN3222221 aNavarro Galicia, Maritzaeautora4aut.10aCristinita y Tucusito /cMaritza Navarro Galicia aPrimera edición 4aSanto Domingo :b[editora no identificada],c©2025. a7 páginasbilustracionesc23 cm. atextobtxt2rdacontent asin mediaciónbn2rdamedia avolumenbnc2rdacarrier aTodo tiene su tiempo, y todo lo que se quiere debajo del cielo tiene su hora. Eclesiastés: 3:1 (RVR1960) aEn un marco divertido, Cristinita muestra la diversidad de emociones que experimenta. Desde su descontento por no poder hacer lo que quiere, hasta la exaltación al observar el sinigual vuelo de un picaflor